| 000 | 00597na a2200229 4500 | ||
|---|---|---|---|
| 001 | 15956 | ||
| 003 | MIRAKIL | ||
| 005 | 20181213154914.0 | ||
| 008 | 160927b tu 000 0 | ||
| 020 | _a9789758106133 | ||
| 035 | _a15956 | ||
| 040 |
_aMilas _btur _cTR-AnCHP |
||
| 082 |
_a812.42 _bC91b [t.y.] |
||
| 090 | _a812.42 C91b [t.y.] | ||
| 100 | _aCücenoğlu, Tuncer | ||
| 245 |
_aBoyacı _cTuncer Cücenoğlu |
||
| 260 |
_a[y.y.] _bMitos Boyut _c[t.y.] |
||
| 300 |
_a104 s. _c19 sm. |
||
| 490 |
_aTiyatro / Oyun Dizisi _v73 |
||
| 650 |
_aTürk edebiyatı _xTiyatro |
||
| 942 |
_2ddc _cBKS |
||
| 999 |
_c2938 _d2938 |
||